000 00829nam a2200265Ia 4500
003 OSt
005 20240507115750.0
008 210716s2002 xx 000 0 und d
020 _a9780340821947
040 _cAIMIT LIBRARY
041 _aeng
082 _a374.22
_21
_bLUNS
100 _aLundin, Stephen C.
_9163501
245 _aFish tales :
_breal life stories to help you transform your workplace and your life /
_cBy Stephen C Lundin...(et.al.)
250 _a1st ed.
260 _aLondon :
_c2002.
_bHodder and Stoughton ,
300 _aviii;176p. ;
_bPB
_c19.6 cm
650 _aPlay
_9163502
650 _aMake their day
_9163503
650 _aBe there
_9163504
700 _aChristensen, John.
_9163505
700 _aPaul, Harry.
_9163506
700 _aStrand, Philip.
_9163507
942 _2ddc
_cBK
_e1st
_k374.22 LUNS
999 _c207015
_d207015